[Event "EU-Cup 13th final"]
[Site "Kazan"]
[Date "1997.12.28"]
[Round "1"]
[White "Anastasian, Ashot"]
[Black "Dreev, Alexey"]
[Result "1-0"]
[WhiteElo "2545"]
[BlackElo "2640"]
[Annotator "Horn,Pe"]
[PlyCount "99"]
[EventDate "1997.12.28"]
[EventType "team-k.o."]
[EventRounds "4"]
[EventCountry "RUS"]
[SourceTitle "EXT 2020"]
[Source "ChessBase"]
[SourceDate "2019.10.17"]
[SourceVersion "1"]
[SourceVersionDate "2019.10.17"]
[SourceQuality "1"]
[WhiteTeam "Yerevan"]
[BlackTeam "Kazan Sberbank-Tatarstan"]
[WhiteTeamCountry "ARM"]
[BlackTeamCountry "RUS"]

1. Nf3 d5 2. g3 Bg4 3. Bg2 Nd7 4. c4 e6 5. cxd5 exd5 6. O-O Ngf6 7. d3 Bc5 8.
a3 (8. Nc3 O-O 9. Qb3 Nb6 10. Bg5 Be6 11. Qc2 h6 12. Bf4 c6 13. e4 Nfd7 14.
Rad1 Re8 15. h3 Qf6 16. Nh2 a5 $10 {Dizdar,G-Campos,J/Barcelona Vulca/1991})
8... a5 9. Nc3 O-O 10. h3 Bxf3 11. Bxf3 c6 12. Qc2 $146 (12. Bg2 Re8 13. Qc2
Qe7 14. e4 dxe4 15. dxe4 Nf8 16. Kh2 Ne6 17. f4 Nd4 18. Qd1 Red8 19. e5 Nd5 20.
Nxd5 cxd5 21. Qd3 $14 {Karlsson,L-Sehner,N/Slupsk/1987}) 12... Qb8 13. Bf4 Qa7
(13... Bd6 14. Bxd6 Qxd6 15. e4 $14 (15. Rad1 $5)) 14. Rad1 {Wei� besetzt
erst die d-Linie, bevor er zum geplanten Pe4 schreitet.} (14. e4) 14... Rfe8 (
14... d4 $6 {Danach w�ren zwei wertvolle Figuren zu reinen
Deckungsfunktionen degradiert.}) 15. e4 dxe4 (15... Bd4 $6 16. exd5 Bxc3 17.
bxc3 Nxd5 18. Bc1 $16) 16. dxe4 {Wei� kann mit der Er�ffnung zufrieden
sein: er hat das B-Paar und eine Majorit�t im Zentrum. Momentan hat Schwarz
diese Majorit�t geb�ndigt; er kann seinem Spiel aber schwer eine Spitze
geben und langfristig hat Wei� eben doch Chancen, die P(e4,f2) in Gang zu
setzen.} Nf8 17. Kg2 Ng6 (17... Ne6 18. e5 $16) (17... Bd4 18. Ne2 $14) 18. Bg5
Bd4 19. Ne2 Be5 20. Be3 Qb8 21. Kh1 Bc7 22. Bg2 Qc8 23. Nc3 b5 24. Ne2 Ne5 25.
Bd4 Nc4 26. Bxf6 gxf6 27. Qc1 $1 (27. b3 $5 Nxa3 28. Qc5 b4 29. Nd4 $44) 27...
a4 28. Qh6 Be5 (28... Nxb2 29. Nf4 $1 (29. Nd4 Bd6 30. Nf5 Bf8 31. Qxf6 Nxd1
32. Qg5+ $10) 29... Be5 (29... Nxd1 30. Nh5 $18) (29... Bxf4 30. gxf4 Qe6 31.
Rg1 Kh8 32. f5 Qe7 33. Rd7 Qf8 34. Qxf6+ Qg7 35. Qxc6 $18 (35. Qxg7+ Kxg7 36.
e5 $18)) 30. Nh5 f5 31. Rd6 Re6 32. Rxe6 Qxe6 33. Qxe6 fxe6 34. exf5 exf5 35.
Bxc6 $14) 29. f4 $2 {Wei� bricht die Br�cken hinter sich ab; dazu gab es m.
E. keinen Anla�.} (29. Nd4 {Zumal es eine gefahrlose Alternative gab, mit
der Wei� auch seinen Angriff verfolgen konnte.} Bxd4 (29... Nxb2 $4 30. Nf5
$18) 30. Rxd4 Qe6 (30... Nxb2 $2 31. e5 $18) 31. e5 f5 32. Qg5+ Kh8 (32... Qg6
33. Qxg6+ hxg6 34. Bxc6 $18) 33. f4 Rg8 34. Qh4 Nxb2 (34... Rg6 35. Rfd1) 35.
Rd6 $40) 29... Bxb2 30. g4 Bxa3 (30... Ne3 31. Ng3 (31. e5 Re6 (31... Nxg2))
31... Nxf1 (31... Nxd1 32. Nf5 $18) 32. Bxf1 Re6) 31. e5 Bf8 (31... Re6) 32.
Qh4 (32. Qxf6 Ne3) 32... Ne3 33. Be4 h6 34. Ng3 Nxd1 35. Nh5 Qd8 $2 (35... Rd8
$142 {Wenn ich nicht irgendetwas Geniales �bersehen habe, konnte Schwarz an
dieser Stelle sich verteidigen:} 36. Nxf6+ (36. Qxf6 Qe6) (36. Bf5 Qc7) 36...
Kh8 37. g5 (37. Qh5 Qe6 $19) (37. Bf5 Qb7) 37... Qe6 38. gxh6 Be7 $19) 36.
Nxf6+ Kh8 37. Qh5 Qxf6 $8 (37... Qc8 38. Qxf7 $18) 38. exf6 Rxe4 (38... Ne3 39.
Qxf7 Rxe4 40. g5 Nf5 41. g6 $18) 39. Rxd1 a3 40. Qxf7 a2 41. Ra1 Rea4 42. g5
R4a7 43. Qe6 c5 44. g6 c4 45. g7+ Rxg7 46. fxg7+ Bxg7 47. Qc6 Ra3 48. Qe8+ Kh7
49. Qe7 b4 50. f5 1-0

[Event "Bad Endbach"]
[Site "Bad Endbach"]
[Date "1995.??.??"]
[Round "?"]
[White "Gutman, Lev"]
[Black "Mikhalevski, Victor"]
[Result "1/2-1/2"]
[WhiteElo "2470"]
[BlackElo "2525"]
[Annotator "Horn,Pe"]
[PlyCount "120"]
[EventDate "1995.04.??"]
[EventType "tourn"]
[EventRounds "11"]
[EventCountry "GER"]
[EventCategory "11"]
[SourceTitle "CBM 047"]
[Source "ChessBase"]
[SourceDate "1995.08.01"]
[SourceVersion "1"]
[SourceVersionDate "1995.08.01"]
[SourceQuality "1"]

1. Nf3 Nf6 2. g3 d5 3. Bg2 c6 4. O-O Bg4 5. c3 {/\ Qb3, this is Gutman s own
idea.} Nbd7 6. Qb3 Qb6 7. d3 e6 8. Be3 Bc5 $1 (8... Qxb3 9. axb3 $14) 9. Bxc5
Nxc5 10. Qc2 Ncd7 11. Nbd2 O-O 12. e4 dxe4 13. dxe4 Qc7 14. Rfe1 Bxf3 15. Nxf3
e5 16. Nd2 {Gutman wants to prove that the B is preferable to the N.} a5 17.
Nc4 b5 18. Ne3 Nc5 19. b4 axb4 20. cxb4 Ne6 {><d4} 21. Qc3 Rfd8 22. a3 Ra6 23.
Red1 Rxd1+ 24. Rxd1 g6 25. h4 Ra8 26. Kf1 Rd8 (26... Nd4 $5 27. f4 (27. Nd5 Qd8
28. Nxf6+ Qxf6) 27... Rd8 28. Nd5 Nxd5 29. exd5) 27. Rxd8+ Nxd8 28. Nd5 Qd6 (
28... Nxd5 $2 29. exd5 $18) 29. Nxf6+ {As White wants to prove the advantage
of a B to a N, he can exchange the other pieces.} Qxf6 30. f4 {White wins a P,
but it is difficult to win the game, because the black pieces spring to life
again.} (30. Qc5 $5 $14 {/\ Ke2,Bg2-h3-d7}) 30... Kg7 31. Qxe5 Qxe5 32. fxe5 f6
33. exf6+ Kxf6 34. Kf2 Ke5 35. Ke3 Nf7 36. Bf1 (36. Bh3 Nd6 37. Bd7 Nc4+ (37...
Nxe4 38. Bxc6 Nxg3 39. Bxb5 Nf5+ 40. Kf2 Nxh4 41. a4) 38. Kd3 Kd6 $132) 36...
Nd6 37. Bd3 h6 38. Kf3 Nf7 39. Bc2 Kd4 40. Kf4 Ne5 41. g4 Nf7 42. h5 Ne5 43.
hxg6 Nxg6+ 44. Kf5 Ne5 45. a4 bxa4 46. Bxa4 Nd3 47. Bd1 (47. Bxc6 Nxb4 48. Bb7
Nd3 49. Kg6 Nf2 $10) 47... Nxb4 48. e5 c5 49. Bf3 c4 50. e6 (50. Bb7 $2 c3)
50... Na6 51. e7 Nc7 52. Bc6 c3 53. Ba4 (53. e8=Q $4 Nxe8 54. Bxe8 c2 $19)
53... Kd5 54. Kf6 Ke4 55. Kf7 Kd5 56. Bb3+ Kd6 57. Kf6 c2 58. Bxc2 Nd5+ 59. Kg7
Kxe7 60. Kxh6 Ne3 1/2-1/2

[Event "URS-ch58"]
[Site "Moscow"]
[Date "1991.??.??"]
[Round "6"]
[White "Korzubov, Peter"]
[Black "Budnikov, Alexandar"]
[Result "1/2-1/2"]
[WhiteElo "2455"]
[BlackElo "2525"]
[Annotator "Horn,Pe"]
[PlyCount "124"]
[EventDate "1991.11.??"]
[EventType "swiss"]
[EventRounds "11"]
[EventCountry "URS"]
[SourceTitle "URS-ch"]
[Source "ChessBase"]
[SourceDate "1999.07.01"]
[SourceVersion "1"]
[SourceVersionDate "1999.07.01"]
[SourceQuality "1"]

1. Nf3 d5 2. g3 c6 3. Bg2 Bg4 4. O-O Nd7 5. d3 e6 6. Nbd2 Bd6 7. h3 Bh5 8. e4
Ne7 9. Qe2 O-O 10. g4 (10. c3 Qc7 11. Re1 f6 12. d4 Rae8 $10 {
Strikovic-Blagojevic, Jugoslawien 1990}) (10. b3 Be5 11. Rb1 Bc3 $13) 10... Bg6
11. Nh4 Qc7 12. Ndf3 Rae8 13. Bd2 f6 14. Nxg6 Nxg6 $15 {><f4} 15. Rae1 Bf4 16.
exd5 Bxd2 (16... exd5 $6 17. Qxe8 Rxe8 18. Rxe8+) 17. Qxd2 cxd5 18. Nd4 Nf4 19.
Nb5 Qb8 20. c4 a6 21. Nc3 Qd6 22. cxd5 exd5 23. d4 f5 24. Rxe8 Rxe8 25. Re1 Rf8
26. Qe3 fxg4 27. hxg4 h6 28. Qe7 Rf6 29. Qxd6 Rxd6 $10 30. Re3 Kf7 31. Rf3 Rf6
32. Rg3 Nb6 33. g5 Rf5 34. gxh6 gxh6 35. Bf1 Rf6 36. a4 Nd7 37. Ne2 Nxe2+ 38.
Bxe2 Rb6 39. Bh5+ Kf6 40. Be8 Nf8 41. Rf3+ Ke7 42. Bh5 Nd7 43. Re3+ Kd8 44. b3
Rb4 45. Rd3 Ke7 46. Kf1 Nb8 47. Ke2 Nc6 48. Ke3 Kf6 (48... Na5 49. Bd1) 49. Bf3
Ke6 50. Bg4+ Kd6 51. Bd1 b5 52. axb5 Rxb5 53. Kd2 Rb4 54. Kc3 a5 55. Rd2 Na7
56. Be2 Rb8 57. Rd1 Re8 58. Kd3 Rb8 59. Kc3 Rf8 60. Rh1 Rxf2 61. Rxh6+ Kc7 62.
Rh7+ Kb6 1/2-1/2

[Event "Podgorica"]
[Site "Podgorica"]
[Date "1993.??.??"]
[Round "10"]
[White "Drasko, Milan"]
[Black "Lazic, Miroljub"]
[Result "1-0"]
[WhiteElo "2475"]
[BlackElo "2450"]
[Annotator "Horn,Pe"]
[PlyCount "87"]
[EventDate "1993.02.??"]
[EventType "tourn"]
[EventRounds "13"]
[EventCountry "YUG"]
[EventCategory "10"]
[SourceTitle "CBM 036"]
[Source "ChessBase"]
[SourceDate "1993.10.01"]
[SourceVersion "1"]
[SourceVersionDate "1993.10.01"]
[SourceQuality "1"]

1. Nf3 d5 2. g3 Bg4 3. Bg2 c6 4. O-O Nd7 5. d3 e6 6. Nbd2 Ngf6 7. h3 Bh5 8. b3
Bd6 9. Bb2 Qe7 10. a3 O-O 11. e4 dxe4 12. dxe4 Bxf3 $6 (12... e5) 13. Qxf3 Be5
$6 {The point of 12...Bxf3} (13... e5 $14) 14. Bxe5 $1 (14. c3 {/\ Qe2,f4})
14... Nxe5 15. Qe3 Rfd8 (15... Ned7 16. e5) 16. f4 Ned7 17. e5 Nd5 18. Qf2 Qc5
(18... Nc3 19. Nc4) 19. Ne4 Qxf2+ 20. Kxf2 $16 {><d6} f6 21. c4 Nc7 22. exf6
Nxf6 (22... gxf6 23. Nd6 $16) 23. Rad1 Nxe4+ 24. Bxe4 g6 25. Ke3 Kf7 26. g4 Ne8
27. Bf3 Ke7 (27... h6 $1) 28. h4 Ng7 29. Be4 Ne8 30. h5 Nf6 31. Bf3 gxh5 $2 (
31... Rxd1 32. Rxd1 Rd8 $2 33. Rxd8 Kxd8 34. hxg6 hxg6 35. g5 Nd7 (35... Ng8
36. Be4 Ne7 37. Kd4 b6 38. Ke5 $18) 36. Be4 Nf8 37. Kd4 Ke7 38. c5 $18) 32. g5
Ne8 33. Bxh5 Nd6 34. Bg4 h6 35. gxh6 Rh8 36. Rh1 Rag8 37. Kf3 Rg6 38. h7 Rg7
39. Rde1 $18 Rg6 40. f5 Nxf5 41. Bxf5 Rf6 42. Rxe6+ Rxe6 43. Bxe6 Kxe6 44. Ke4
1-0

[Event "Donner Memorial-A"]
[Site "Amsterdam"]
[Date "1994.??.??"]
[Round "8"]
[White "Timman, Jan H"]
[Black "Lobron, Eric"]
[Result "1-0"]
[WhiteElo "2635"]
[BlackElo "2580"]
[Annotator "Horn,Pe"]
[PlyCount "116"]
[EventDate "1994.08.??"]
[EventType "tourn"]
[EventRounds "9"]
[EventCountry "NED"]
[EventCategory "15"]
[SourceTitle "CBM 043"]
[Source "ChessBase"]
[SourceDate "1994.12.01"]
[SourceVersion "1"]
[SourceVersionDate "1994.12.01"]
[SourceQuality "1"]

1. Nf3 d5 2. g3 c6 3. b3 Bg4 4. Bb2 Bxf3 5. exf3 Nd7 6. f4 Ngf6 (6... e6 7. Qe2
Ngf6 8. f5 e5 9. f4 e4 10. g4 h6 11. d3 Qa5+ 12. Kd1 O-O-O 13. Bg2 exd3 14.
cxd3 Re8 $17 {Miles-Fries Nielsen/BL/1990}) 7. f5 (7. Bg2 $14) 7... g6 8. Bh3 (
8. fxg6 hxg6) 8... Bg7 9. O-O gxf5 10. Bxf5 e6 11. Bh3 h5 12. Qe2 Qb6 13. Nc3
O-O-O 14. Kh1 Qc7 (14... h4 $2 15. g4 Qc7 16. f4 $16) 15. f4 Rdg8 16. Nd1 Ng4
17. Bxg7 Rxg7 18. Ne3 Ndf6 19. Ng2 (19. d3 Nxe3 20. Qxe3 h4 $17) 19... Ne4 20.
Rf3 Qb6 21. Raf1 Rhg8 22. d3 (22. Qe1 {/\ d3} Qd4) 22... Nc3 23. Qe1 Nb5 $2 {
/\ Nd4} (23... Qd4 $1 $17) (23... Nxa2 $5) 24. c3 Nd6 25. Nh4 {><f5} Kb8 $2 (
25... Qc7 26. f5 e5 27. Bxg4 hxg4 28. R3f2 f6 29. Ng6 Nxf5 30. Rxf5 Rxg6 31.
Rxf6 Rxf6 32. Rxf6 Qe7) (25... Nf5 26. Nxf5 exf5 27. Bxg4 hxg4 28. Re3) 26.
Bxg4 hxg4 27. R3f2 Qc7 (27... Re8 $4 28. Qe5 $18) 28. f5 Re8 (28... exf5 29.
Nxf5 Nxf5 30. Rxf5 $16) 29. Re2 Qd7 30. Re5 Rgg8 31. fxe6 Rxe6 32. Rxe6 Qxe6 (
32... fxe6 33. Rf6 Re8 34. Qe5 $16) 33. Qxe6 fxe6 34. c4 dxc4 35. dxc4 Rg5 $1 (
35... Kc7 36. c5 Ne4 37. Rf7+ Kc8 38. b4 $16) (35... c5 $2 36. Rf6 Re8 37. Rg6
$18) 36. Re1 e5 37. h3 gxh3 38. Kh2 {/\ Nf3} e4 (38... Nf5 39. Rxe5 (39. Nxf5
Rxf5 40. Kxh3) 39... Nxh4 40. Re8+ Kc7 41. gxh4 Rg2+ 42. Kxh3 Rxa2 43. h5 Ra1
44. Re3) (38... Nf7) 39. Kxh3 Kc7 40. g4 a5 $2 (40... c5 41. Kg3 Rg8 $16) 41.
Kg3 Rg8 (41... c5 42. Kf4 Rg8 43. Nf5 Nxf5 44. Kxf5 $18) 42. c5 Ne8 43. Rxe4
Nf6 44. Rc4 Rg5 45. Nf3 Rxc5 46. Rxc5 Ne4+ 47. Kf4 Nxc5 48. g5 (48. Ke5) 48...
Kd6 49. Kf5 Ne6 50. g6 Ke7 51. Ke5 Nc7 52. Ng5 Ne8 53. Ne6 Nf6 54. Nd8 $1 a4
55. Nxb7 axb3 56. axb3 Nd7+ 57. Kf5 c5 58. Nd6 Nb6 (58... Nb6 59. g7 $18) (
58... Kxd6 59. g7 $18) (58... Nf6 59. Ne4 Nd7) 1-0

[Event "Prestwich"]
[Site "Prestwich"]
[Date "1990.??.??"]
[Round "6"]
[White "Norwood, David"]
[Black "Sherzer, Alex"]
[Result "0-1"]
[WhiteElo "2530"]
[BlackElo "2440"]
[Annotator "Horn,Pe"]
[PlyCount "96"]
[EventDate "1990.??.??"]
[EventType "tourn"]
[EventRounds "9"]
[EventCountry "ENG"]
[SourceTitle "CBM 018"]
[Source "ChessBase"]
[SourceDate "1990.10.01"]
[SourceVersion "1"]
[SourceVersionDate "1990.10.01"]
[SourceQuality "1"]

1. g3 e5 2. Bg2 d5 3. d3 Nc6 4. Nf3 Be7 5. O-O Be6 6. c3 (6. c4) 6... f5 7. Qa4
(7. e4 $5 dxe4 8. dxe4 Qxd1 9. Rxd1 fxe4 10. Nfd2) 7... Qd7 8. b4 e4 9. b5 exf3
10. bxc6 Qxc6 11. Qxc6+ bxc6 12. Bxf3 Nf6 13. Nd2 Rb8 14. Nb3 c5 15. Be3 Nd7
16. c4 d4 17. Bf4 Bd6 18. Na5 (18. Bxd6 cxd6 19. Rfb1 $14) 18... Rb6 19. Nc6 (
19. Bxd6 cxd6 20. Nc6 $14) 19... Bxf4 20. gxf4 g5 21. Nxa7 gxf4 22. Rfb1 Ke7
23. a4 Ne5 24. a5 Rg8+ 25. Kf1 Ra6 26. Rb7 (26. Nb5 $6 Kd7) 26... Bd7 27. Bd5
$2 (27. Rxc7 Nxf3 28. exf3 Ra8 29. Nb5) 27... Ra8 28. Nb5 c6 29. Nc7 Rxa5 30.
Rxa5 Rxa5 31. Bg8 Kd6 (31... f3 $1) 32. Bxh7 $2 (32. f3) 32... Ra1+ 33. Kg2 f3+
34. exf3 Nxd3 35. f4 Ne1+ 36. Kg3 d3 37. Bxf5 Bxf5 38. Ne8+ Ke6 39. Kh4 Nf3+
40. Kh5 Rg1 41. Nc7+ Kd7 42. Nb5+ Kd8 43. Rb8+ Ke7 44. Rb7+ Kf6 45. Rb6 Rh1 46.
Rxc6+ Be6 47. f5 Kxf5 48. Rxc5+ Ne5 0-1

[Event "RUS-Cup01 Chigorin Memorial"]
[Site "St Petersburg"]
[Date "1997.11.08"]
[Round "8"]
[White "Seeman, Tarvo"]
[Black "Solozhenkin, Evgeniy"]
[Result "1-0"]
[WhiteElo "2395"]
[BlackElo "2485"]
[Annotator "Horn,Pe"]
[PlyCount "57"]
[EventDate "1997.11.01"]
[EventType "swiss"]
[EventRounds "9"]
[EventCountry "RUS"]
[SourceTitle "CBM 062"]
[Source "ChessBase"]
[SourceDate "1998.01.31"]
[SourceVersion "1"]
[SourceVersionDate "1998.01.31"]
[SourceQuality "1"]

1. Nf3 d5 2. g3 c6 3. Bg2 Bg4 4. b3 Nd7 5. Bb2 Ngf6 6. O-O e6 7. d3 Bc5 8. Nbd2
O-O 9. a3 {In den meisten Fällen geschieht a2-a3 erst als Antwort auf a5 oder
Qe7 (um Ba3 zu verhindern). Wenn Schwarz keinen besonderen Ehrgeiz danach
entwickelt, landet man wieder in den Hauptvarianten.} Rc8 $146 {Legt die
Position des R sehr früh fest.} (9... a5 {Das ist in jedem Fall ein nützlicher
Zug. Weiß entscheidet sich dann entweder für das Reti-System (Pc4) oder den
Königsindischen Angriff (Pe4). Er kann die Entscheidung auch noch ein wenig
vertagen (z.B. mit Ph3).}) 10. e4 (10. c4 $5 {Bei einem Reti-Aufbau ist es
zweifelhaft, ob der R auf c8 richtig steht.}) (10. b4 {[%cal Yc2c4]}) 10... a5
11. Qe1 b5 12. Kh1 {Macht den Pf2 (nach Wegzug des Nf3 nach h2 oder g1)
beweglich.} Ne8 13. h3 Bh5 14. Nh2 {[%cal Yf2f4]} Nc7 (14... dxe4 15. Nxe4 {
[%cal Yf2f4]}) 15. g4 Bg6 16. f4 f5 {[%csl Gb2] Macht den Bb2 sehr stark.} (
16... f6 $5) 17. Qg3 Nf6 18. exf5 (18. e5 $2 {Damit bringt Weiß nur sein
eigenes Spiel zum Stehen, während Schwarz seine Optionen am Q-flügel (z.B.
Pc6-c5-c4) behält.} Nd7 {[%csl Rb2]}) 18... exf5 19. Ndf3 Ne6 20. Rae1 (20.
Rac1 $2 {BULLETIN Dieser Zug, den da Bulletin angibt, überrascht den
unbefangenen Beobachter. Er macht in meinen Augen so wenig Sinn, daß ich denke,
hier wurde 20.Rae1 gespielt (bei undeutlicher Schrift kann man c und e
mitunter kaum unterscheiden). Ich habe den weiteren Partieverlauf mit 20.Rae1
deswegen komplett als Variante angegeben. Es fallen dann auch im weiteren
Partieverlauf einige Ungereimtheiten weg.} Qd6 (20... Be3) (20... fxg4 $5 21.
hxg4 Nxf4 22. Qxf4 Nh5 23. Qe5 Bd6 (23... Re8 24. gxh5 Rxe5 25. Nxe5 Bxh5 $13)
24. Qe6+ Bf7 25. Qe3 Ng3+ 26. Kg1 Bf4 27. Qf2 Nxf1 28. Rxf1 $13) 21. Be5 Qd7
22. gxf5 Bxf5 23. Ng4 Nh5 24. Nh6+ Kh8 25. Qh4 Bg6 $2 (25... Nexf4 26. Bxf4
Nxf4 27. Ne5 (27. Qxf4 $2 gxh6 28. Qxh6 Qd6 $15) 27... Qe6 28. Nhf7+ Rxf7 29.
Nxf7+ Qxf7 30. Qxf4 $16) (25... Qe8 $1 $13) 26. f5 $1 $18 Bxf5 27. Qxh5 Bg6 (
27... Qe8 28. Qxe8 Rcxe8 29. Nh4 $18) 28. Qg4 $2 (28. Qh4 $1 $18) 28... Rcd8 $2
(28... Be3 {Man beachte: bei einem R auf e1 statt c1 entfällt diese
Möglichkeit.} 29. Nd4 (29. Nh4 Bxh6 30. Nxg6+ hxg6 $15) 29... Bxc1 30. Rxc1 Nc5
31. b4 axb4 32. axb4 $16) 29. Nh4 (29. Nh4 Be3 30. Nxg6+ hxg6 31. Qh4 $18))
20... Qd6 (20... Qd7 21. Ne5 $16) (20... fxg4 21. hxg4 Nxf4 22. Qxf4 Nh5 23.
Qe5 Re8 (23... Bd6 $2 24. Qd4 $18) 24. gxh5 Rxe5 25. Rxe5 $18) 21. Be5 Qd7 22.
gxf5 Bxf5 23. Ng4 Nh5 24. Nh6+ Kh8 25. Qh4 Bg6 (25... Nhxf4 26. Bxf4 Nxf4 27.
Ne5 Qc7 (27... Ng6 28. Nxd7 Nxh4 29. Nxf5 Nxf5 30. Rxf5 Rxf5 31. Nxc5 $16) 28.
Nhf7+ (28. Rxf4 gxh6 29. Qh5 Bg6 30. Qxh6 Qg7 $11) 28... Rxf7 29. Nxf7+ Qxf7
30. Qxf4 g6 (30... Rf8 31. b4 axb4 32. axb4 Be7 33. Qxf5 $18) 31. Qe5+ $16) 26.
f5 Bxf5 27. Qxh5 Bg6 28. Qg4 Rcd8 29. Nh4 $18 1-0

[Event "Hastings 9192"]
[Site "Hastings"]
[Date "1991.??.??"]
[Round "4"]
[White "Hodgson, Julian M"]
[Black "Agdestein, Simen"]
[Result "1/2-1/2"]
[WhiteElo "2570"]
[BlackElo "2590"]
[Annotator "Horn,Pe"]
[PlyCount "216"]
[EventDate "1991.12.??"]
[EventType "tourn"]
[EventRounds "14"]
[EventCountry "ENG"]
[EventCategory "14"]
[SourceTitle "CBM 027"]
[Source "ChessBase"]
[SourceDate "1992.04.01"]
[SourceVersion "1"]
[SourceVersionDate "1992.04.01"]
[SourceQuality "1"]

1. Nf3 d5 2. g3 g6 3. Bg2 Bg7 4. O-O e5 5. c4 c6 6. cxd5 cxd5 7. d3 Ne7 8. Nc3
O-O 9. Bg5 {N} (9. Bd2 $10) 9... f6 10. Bd2 Be6 11. a4 (11. a3 $10 {/\ b4})
11... a5 12. b4 (12. Qb3 $10) 12... axb4 13. Na2 (13. Nb5 Nec6 $17) 13... Nec6
14. Nxb4 Na6 $1 $15 15. Nxc6 (15. Qb1) 15... bxc6 16. d4 $2 (16. Qc2 Qd6 (16...
c5 17. e4 dxe4 18. dxe4 c4) 17. e4 f5 $15) 16... e4 17. Ne1 f5 $17 18. Rc1 (18.
Nc2 c5 $17) 18... Rc8 19. Nc2 c5 20. dxc5 d4 $1 (20... Nxc5 21. Be3) 21. e3 d3
(21... Bb3 $2 22. exd4 Bxd4 23. Bh6) 22. Nd4 Bxd4 (22... Bd5 $17) 23. exd4 Qxd4
24. Be3 Qd5 25. c6 Rfd8 26. f3 Rxc6 27. fxe4 fxe4 28. Rxc6 Qxc6 29. Qa1 (29.
Rf6 d2 30. Bxd2 Qb6+ 31. Kh1 e3) 29... Bf5 30. g4 $1 Bxg4 31. Rf6 d2 (31... Rd6
32. Rxd6 Qxd6 33. Bh6 Qc5+ $1 34. Kh1 Qe7) 32. Rxc6 d1=Q+ 33. Qxd1 Rxd1+ 34.
Kf2 Nb4 35. Rc4 Nd3+ 36. Kg3 Re1 37. Bh6 (37. Rxe4 Bf5 38. Re8+ Kf7 39. Bc6) (
37. Kxg4 $4 Ne5+ $19) 37... Bf5 38. Rc7 Ne5 39. Rg7+ Kf8 40. Rxh7+ Ke8 41. Bd2
Ra1 42. a5 Ra3+ 43. Kf4 Nd3+ 44. Ke3 Ne1+ 45. Kf2 Nxg2 46. Kxg2 Ra2 47. Kg3
Rxd2 48. a6 Ra2 49. a7 Bc8 50. Kf4 Ra4 51. h4 Kd8 52. Rg7 Bd7 53. Rxg6 Rxa7 54.
Kxe4 Ra4+ 55. Ke5 Rxh4 56. Kd6 Rd4+ 57. Ke5 Ra4 58. Rd6 Ke7 59. Re6+ Kd8 (59...
Bxe6 $10) 60. Rd6 Ra1 61. Rh6 Ra5+ 62. Kd4 Ke7 63. Rb6 Be6 64. Rb4 Kf6 65. Ke4
Re5+ 66. Kf4 Rh5 67. Rd4 Bd5 68. Kg4 Rg5+ 69. Kf4 Rf5+ 70. Ke3 Ke5 71. Rb4 Rf3+
72. Kd2 Ra3 73. Rb8 Kd4 74. Rd8 Ra2+ 75. Kd1 Ke4 76. Kc1 Bc4 77. Rd2 Ra8 78.
Rd7 Ra2 79. Rd2 Ra6 80. Rd7 Ke3 81. Kc2 Rc6 82. Kb2 Be6 83. Rd8 Ke4 84. Ka3 Rb6
85. Rd2 Bc4 86. Rb2 Ra6+ 87. Kb4 Kd4 88. Rd2+ Bd3 89. Rb2 Ra1 90. Kb3 Bc4+ 91.
Kc2 Rg1 92. Kd2 Rg3 93. Kc2 Rh3 94. Kd2 Bb3 95. Kc1 Kc4 96. Kd2 Kd4 97. Kc1 Kc3
98. Rc2+ Kb4 99. Rf2 Rd3 100. Rd2 Rc3+ 101. Kb2 Bc4 102. Rd8 Rh3 103. Rb8+ Kc5
104. Kc2 Kd4 105. Rd8+ Bd5 106. Kd2 Rh2+ 107. Kd1 Kc4 108. Ke1 Ra2 1/2-1/2

[Event "Lippstadt"]
[Site "Lippstadt"]
[Date "1992.??.??"]
[Round "?"]
[White "Hickl, Joerg"]
[Black "Boensch, Uwe"]
[Result "1/2-1/2"]
[WhiteElo "2540"]
[BlackElo "2490"]
[Annotator "Horn,Pe"]
[PlyCount "59"]
[EventDate "1992.07.??"]
[EventType "tourn"]
[EventRounds "10"]
[EventCountry "GER"]
[EventCategory "8"]
[SourceTitle "CBM 031"]
[Source "ChessBase"]
[SourceDate "1992.12.01"]
[SourceVersion "1"]
[SourceVersionDate "1992.12.01"]
[SourceQuality "1"]

1. g3 d5 2. Nf3 c6 3. Bg2 Bg4 4. b3 Nd7 5. Bb2 e6 6. d3 Ngf6 7. O-O Bd6 8. e4
O-O 9. Qe1 {neu (?), eine konsequente Erwiderung folgt} (9. Nbd2 dxe4 10. dxe4
Be5 $6 11. c3 Bc7 (11... Bxf3 $6 12. Nxf3 Qa5 13. Nxe5 Nxe5 14. Qc2 $16 {
Ribli-Heyken, BRD 1990}) 12. Qc2 Bxf3 13. Nxf3 Qe7 14. Rfe1 e5 15. Rad1 Rfd8
16. Nh4 g6 17. Bc1 $14 {Vukic-Timmer, Biel 1990}) 9... dxe4 10. dxe4 Bxf3 11.
Bxf3 Be5 12. c3 (12. Bxe5 $6 Nxe5 13. Bg2 Qd4 $15) 12... Qc7 13. Bg2 (13. Nd2
$5 Nc5 14. Qe2 Rfd8 15. Nc4 Nd3 16. Rfd1 Nxb2 17. Qxb2 b5 18. Nxe5 Qxe5 19. Qc2
$10) 13... Rfd8 14. Qe3 (14. f4 Bd6 (14... Qb6+ $6 15. Kh1 Bc7 16. Nd2 {/\ Nc4}
) 15. Nd2 (15. e5 Bc5+ 16. Kh1 Ng4 17. Rf3 (17. h3 Ne3) 17... Ndxe5 $5 18. fxe5
Qxe5 19. Qxe5 Rd1+ 20. Rf1 (20. Bf1 $2 Nxe5 21. Rf4 g5 $19) 20... Nf2+ 21. Kg1
Nh3+ 22. Kh1 Nf2+ $10) 15... e5 $1 $15 (15... Bc5+ 16. Kh1 Ng4 17. Rf3 (17. Qe2
Ne3) 17... Qb6 $2 18. Nc4)) (14. Nd2 $5 Nc5 $10) 14... Qb6 $1 15. Qxb6 axb6 $15
16. f4 Bc7 17. b4 (17. c4 $2 Nc5 $17) 17... b5 (17... Ng4 $6 18. c4 Ne3 19. Rc1
) 18. Bf3 Nb6 19. Bc1 Nc4 20. a3 Bb6+ 21. Kg2 Rd3 22. Ra2 (22. Be2 Ne3+ 23. Kh1
(23. Bxe3 $2 Rxe3 $17) (23. Kf3 $2 Nxf1+ 24. Bxd3 Nxh2+ $17) 23... Nxf1 (23...
Rd7 24. Bxe3 Bxe3 25. Bf3 $15) 24. Bxd3 Ne3 25. Bxe3 Bxe3 26. Bc2) 22... h5 23.
h3 Rad8 24. Re2 g6 25. Rfe1 e5 26. f5 R8d6 27. fxg6 fxg6 28. Ra2 Ne3+ 29. Bxe3
Rxe3 30. Rxe3 1/2-1/2